000
00240nam a2200097Ia 4500
001
780988
005
20250826170135.0
008
250824s9999 xx 000 0 und d
245
0
_a
ZEKAT İLMİHALİ
_c
YAŞAR YİĞİT
260
_b
DİB YAYINLARI
999
_c
780988
_d
780988